000 00998naa a22002777a 4500
001 BR8105175
003 BR-BrBNA
005 20240918174832.0
007 ta
008 230509b bl.||||| |||| 00| 0 por d
040 _aBR-BrBNA
_bpor
_cBiblioteca Nacional de Agricultura
041 _a(Pt)
072 _aP05
_b/G514
090 _aP05 BR8105175
100 1 _aOliveira, A. de
111 1 _a2. Congresso Brasileiro de Energia
_cRio de Janeiro, RJ (Brazil)
_dApr 1981
245 1 _aPerspectivas do preco futuro do petroleo [recurso energetico, Brasil]
260 3 _aRio de Janeiro, RJ (Brasil):
_c1981.
500 _aAnais do 2. Congresso Brasileiro de Energia Rio de Janeiro, RJ (Brasil): 1981. v. 2 p. 711-724 (BR8105175-AM)P05
650 _aPETROLEO
650 _aDEMANDA
650 _aPRECO
773 0 _tAnais do 2. Congresso Brasileiro de Energia
_wP05 BR8105175
_gRio de Janeiro, RJ (Brasil), 1981. v. 2 p. 711-724
909 _a202404
_bLucia
_c55
_dLucia Elande
942 _cAM
_2AGRIS
999 _c313903
_d313903